Catalunya i

Đã lưu trong:
Chi tiết về thư mục
Những tác giả chính: Duran Farell, Pere (Tác giả), Monreal i Agustí, Lluís (Tác giả), Pujol i Soley, Jordi (Tác giả), Serra i Serra, Narcís (Tác giả)
Định dạng: Sách
Ngôn ngữ:Tiếng Catalan
Tiếng Tây Ban Nha
Tiếng Italy
Được phát hành: Roma Associació Catalans a Roma 1999
Những chủ đề:
Các nhãn: Thêm thẻ
Không có thẻ, Là người đầu tiên thẻ bản ghi này!

MARC

LEADER 00000cam a2200000 a 4500
001 UCF5566
003 CL-VaPUC
008 130318e19990000IT |||||||||||||||||cat|d
020 |a 8885106269 
041 0 7 |a cat  |2 CL-VaPUC 
041 0 7 |a spa  |2 CL-VaPUC 
041 0 7 |a ita  |2 CL-VaPUC 
082 0 4 |a 946.467  |b DUR  |2 21 
100 0 |a Duran Farell, Pere  |e author  |9 567502 
700 0 |a Monreal i Agustí, Lluís  |e author  |9 567503 
700 0 |a Pujol i Soley, Jordi  |e author  |9 567504 
700 0 |a Serra i Serra, Narcís  |e author  |9 567505 
245 1 0 |a Catalunya i 
246 1 0 |a Catalogna e 
300 |a 93 p 
942 |c BK 
945 |d 20130318 00:00:00  |a dcastane 
260 |a Roma  |b Associació Catalans a Roma  |c 1999 
600 0 7 |a BARCELONA  |2 CL-VaPUC  |9 567506 
650 0 |a Historia de España  |9 315435 
583 |a last modification  |c 20130318 11:20:00  |k Rodrigo Vera 
999 |c 351064  |d 351062 
952 |0 0  |1 0  |4 0  |6 946_467000000000000_DUR_1999  |7 0  |8 A  |9 454943  |a BIBTEO  |b BIBTEO  |d 2019-11-22  |i 494884K  |o 946.467 DUR 1999  |p 494884K  |r 2025-01-17  |w 2019-11-22  |y BK  |k ICR